Влияние нароста на резце на качество поверхности алюминиевых сплавов; Станки и инструмент; № 11

Detalhes bibliográficos
Parent link:Станки и инструмент
№ 11.— 1960.— С. 28-29
Autor principal: Лившиц В. Б.
Idioma:russo
Publicado em: 1960
Assuntos:
Formato: Capítulo de Livro
KOHA link:https://koha.lib.tpu.ru/cgi-bin/koha/opac-detail.pl?biblionumber=593468

MARC

LEADER 00000naa0a2200000 4500
001 593468
005 20241214194426.0
035 |a (RuTPU)RU\TPU\tpu\6836 
090 |a 593468 
100 |a 20011210d1960 k||y0rusy50 ca 
101 0 |a rus 
102 |a RU 
200 1 |a Влияние нароста на резце на качество поверхности алюминиевых сплавов  |f В. Б. Лившиц 
461 |t Станки и инструмент 
463 |t № 11  |v С. 28-29  |d 1960 
610 1 |a машиностроение 
610 1 |a труды учёных ТПУ 
610 1 |a машиноведение 
700 1 |a Лившиц  |b В. Б. 
801 0 |a RU  |b 63413507  |c 20011210  |g PSBO 
801 2 |a RU  |b 63413507  |c 20210701  |g PSBO 
942 |c CR